U.S. House of Representatives Members of the 117th Congress - Statistics

General Stats
  • This quiz has been taken 254 times
  • The average score is 131 of 434
Answers on the Map
Answers color-coded by a green-red scale on the quiz's map according to % correct below.
 
Answer Stats
District Member % Correct
California 12 Nancy Pelosi
81%
New York 14 Alexandria Ocasio-Cortez
80%
South Dakota at-large Dusty Johnson
68%
Louisiana 4 Mike Johnson
66%
Washington 9 Adam Smith
65%
Ohio 6 Bill Johnson
65%
Texas 30 Eddie Bernice Johnson
65%
Georgia 4 Hank Johnson
65%
Nebraska 3 Adrian Smith
64%
Texas 9 Al Green
64%
New Jersey 4 Chris Smith
64%
Missouri 8 Jason Smith
64%
Tennessee 7 Mark E. Green
64%
California 13 Barbara Lee
62%
Texas 18 Sheila Jackson Lee
62%
Nevada 3 Susie Lee
62%
Minnesota 5 Ilhan Omar
58%
Georgia 14 Marjorie Taylor Greene
58%
Texas 13 Ronny Jackson
56%
Maryland 4 Anthony G. Brown
54%
Missouri 1 Cori Bush
54%
Alaska at-large Don Young
52%
California 23 Kevin McCarthy
52%
Florida 1 Matt Gaetz
52%
California 25 Mike Garcia
52%
Colorado 3 Lauren Boebert
51%
Wyoming at-large Liz Cheney
51%
North Carolina 12 Alma Adams
50%
Georgia 5 Nikema Williams
50%
Massachusetts 7 Ayanna Pressley
49%
Illinois 4 Jesús "Chuy" García
49%
Michigan 13 Rashida Tlaib
49%
Texas 29 Sylvia Garcia
49%
Texas 25 Roger Williams
48%
West Virginia 3 Carol Miller
46%
New York 17 Mondaire Jones
46%
Ohio 13 Tim Ryan
46%
Maryland 1 Andy Harris
45%
New York 21 Elise Stefanik
45%
Kansas 3 Sharice Davids
45%
Illinois 7 Danny K. Davis
44%
Florida 24 Frederica Wilson
44%
Illinois 13 Rodney Davis
44%
Georgia 8 Austin Scott
43%
Mississippi 2 Bennie Thompson
43%
Virginia 3 Bobby Scott
43%
Georgia 13 David Scott
43%
Maine 2 Jared Golden
43%
South Carolina 2 Joe Wilson
43%
Illinois 15 Mary Miller
43%
California 39 Young Kim
43%
New Jersey 3 Andy Kim
42%
California 45 Katie Porter
42%
Alabama 2 Barry Moore
41%
Utah 1 Blake Moore
41%
Georgia 1 Buddy Carter
41%
Wisconsin 4 Gwen Moore
41%
Texas 31 John Carter
41%
Arizona 4 Paul Gosar
41%
Pennsylvania 15 Glenn Thompson
39%
California 5 Mike Thompson
39%
South Carolina 1 Nancy Mace
39%
Arizona 5 Andy Biggs
38%
Washington 5 Cathy McMorris Rodgers
38%
Florida 13 Charlie Crist
38%
Texas 2 Dan Crenshaw
38%
Nebraska 2 Don Bacon
38%
Arkansas 2 French Hill
38%
Michigan 11 Haley Stevens
38%
Connecticut 5 Jahana Hayes
38%
New York 16 Jamaal Bowman
38%
Ohio 4 Jim Jordan
38%
Iowa 2 Mariannette Miller-Meeks
38%
Pennsylvania 16 Mike Kelly
38%
Washington 7 Pramila Jayapal
38%
Illinois 2 Robin Kelly
38%
California 52 Scott Peters
38%
Maryland 5 Steny Hoyer
38%
Mississippi 1 Trent Kelly
38%
Virginia 7 Abigail Spanberger
37%
Texas 21 Chip Roy
37%
Iowa 3 Cindy Axne
37%
Indiana 6 Greg Pence
37%
Tennessee 6 John Rose
37%
Alabama 5 Mo Brooks
37%
Louisiana 1 Steve Scalise
37%
Texas 3 Van Taylor
37%
Ohio 16 Anthony Gonzalez
36%
Pennsylvania 17 Conor Lamb
36%
Hawaii 1 Ed Case
36%
New York 8 Hakeem Jeffries
36%
California 27 Judy Chu
36%
Massachusetts 5 Katherine Clark
36%
California 43 Maxine Waters
36%
California 48 Michelle Steel
36%
Arizona 3 Raúl Grijalva
36%
Florida 7 Stephanie Murphy
36%
Texas 15 Vicente Gonzalez
36%
California 28 Adam Schiff
35%
Arizona 2 Ann Kirkpatrick
35%
Utah 4 Burgess Owens
35%
Kentucky 5 Hal Rogers
35%
Texas 20 Joaquin Castro
35%
California 49 Mike Levin
35%
Alabama 3 Mike Rogers
35%
Iowa 4 Randy Feenstra
35%
Alabama 7 Terri Sewell
35%
California 50 Darrell Issa
34%
New Jersey 2 Jeff Van Drew
34%
South Carolina 6 Jim Clyburn
34%
Colorado 4 Ken Buck
34%
New York 1 Lee Zeldin
34%
Delaware at-large Lisa Blunt Rochester
34%
North Carolina 11 Madison Cawthorn
34%
Wisconsin 2 Mark Pocan
34%
Montana at-large Matt Rosendale
34%
New York 15 Ritchie Torres
34%
California 53 Sara Jacobs
34%
Oklahoma 4 Tom Cole
34%
Florida 19 Byron Donalds
33%
New Hampshire 1 Chris Pappas
33%
Minnesota 3 Dean Phillips
33%
Florida 23 Debbie Wasserman Schultz
33%
North Carolina 3 Greg Murphy
33%
New York 10 Jerry Nadler
33%
California 38 Linda Sánchez
33%
New York 11 Nicole Malliotakis
33%
Wisconsin 3 Ron Kind
33%
Arizona 7 Ruben Gallego
33%
Oklahoma 5 Stephanie Bice
33%
New Mexico 3 Teresa Leger Fernandez
33%
Kentucky 6 Andy Barr
32%
Virginia 5 Bob Good
32%
Pennsylvania 1 Brian Fitzpatrick
32%
Texas 32 Colin Allred
32%
Nevada 1 Dina Titus
32%
California 1 Doug LaMalfa
32%
Michigan 8 Elissa Slotkin
32%
California 15 Eric Swalwell
32%
New York 5 Gregory Meeks
32%
Washington 3 Jaime Herrera Beutler
32%
Maryland 8 Jamie Raskin
32%
Oklahoma 1 Kevin Hern
32%
Illinois 14 Lauren Underwood
32%
California 35 Norma Torres
32%
Michigan 3 Peter Meijer
32%
California 17 Ro Khanna
32%
South Carolina 7 Tom Rice
32%
Texas 16 Veronica Escobar
32%
North Carolina 5 Virginia Foxx
32%
Illinois 16 Adam Kinzinger
31%
West Virginia 2 Alex Mooney
31%
Michigan 9 Andy Levin
31%
Minnesota 2 Angie Craig
31%
New Hampshire 2 Ann McLane Kuster
31%
Iowa 1 Ashley Hinson
31%
California 21 David Valadao
31%
Virginia 2 Elaine Luria
31%
Texas 34 Filemon Vela Jr.
31%
Virginia 10 Jennifer Wexton
31%
Alabama 1 Jerry Carl
31%
Hawaii 2 Kai Kahele
31%
New York 4 Kathleen Rice
31%
Pennsylvania 4 Madeleine Dean
31%
Ohio 11 Marcia Fudge
31%
Vermont at-large Peter Welch
31%
Tennessee 9 Steve Cohen
31%
Texas 23 Tony Gonzales
31%
Indiana 5 Victoria Spartz
31%
New York 12 Carolyn Maloney
30%
New York 27 Chris Jacobs
30%
New York 6 Grace Meng
30%
Arizona 9 Greg Stanton
30%
Colorado 2 Joe Neguse
30%
Florida 27 Maria Elvira Salazar
30%
Nevada 2 Mark Amodei
30%
Pennsylvania 10 Scott Perry
30%
New York 18 Sean Patrick Maloney
30%
California 33 Ted Lieu
30%
Kentucky 4 Thomas Massie
30%
Arizona 1 Tom O'Halleran
30%
New Mexico 2 Yvette Herrell
30%
Indiana 7 André Carson
29%
Michigan 14 Brenda Lawrence
29%
Florida 26 Carlos Giménez
29%
Maine 1 Chellie Pingree
29%
Illinois 17 Cheri Bustos
29%
New York 22 Claudia Tenney
29%
North Carolina 9 Dan Bishop
29%
Arizona 6 David Schweikert
29%
Michigan 12 Debbie Dingell
29%
New Mexico 1 Deb Haaland
29%
California 22 Devin Nunes
29%
California 6 Doris Matsui
29%
Texas 28 Henry Cuellar
29%
Tennessee 5 Jim Cooper
29%
California 34 Jimmy Gomez
29%
New Jersey 5 Josh Gottheimer
29%
California 10 Josh Harder
29%
Ohio 3 Joyce Beatty
29%
North Dakota at-large Kelly Armstrong
29%
Georgia 6 Lucy McBath
29%
Oklahoma 2 Markwayne Mullin
29%
Pennsylvania 8 Matt Cartwright
29%
Alabama 4 Robert Aderholt
29%
Georgia 2 Sanford Bishop
29%
Florida 15 Scott Franklin
29%
Pennsylvania 7 Susan Wild
29%
Minnesota 6 Tom Emmer
29%
Kansas 1 Tracey Mann
29%
Florida 10 Val Demings
29%
New Jersey 12 Bonnie Watson Coleman
28%
Florida 18 Brian Mast
28%
Georgia 7 Carolyn Bourdeaux
28%
Arizona 8 Debbie Lesko
28%
North Carolina 2 Deborah Ross
28%
Missouri 5 Emanuel Cleaver
28%
Michigan 6 Fred Upton
28%
Massachusetts 2 Jim McGovern
28%
Washington 8 Kim Schrier
28%
New Jersey 11 Mikie Sherrill
28%
California 36 Raul Ruiz
28%
New York 23 Tom Reed
28%
Michigan 5 Dan Kildee
27%
Rhode Island 1 David Cicilline
27%
Pennsylvania 3 Dwight Evans
27%
Alabama 6 Gary Palmer
27%
Colorado 6 Jason Crow
27%
California 8 Jay Obernolte
27%
New York 24 John Katko
27%
Ohio 9 Marcy Kaptur
27%
Minnesota 7 Michelle Fischbach
27%
Idaho 2 Mike Simpson
27%
Illinois 8 Raja Krishnamoorthi
27%
Massachusetts 1 Richard Neal
27%
New Jersey 7 Tom Malinowski
27%
Florida 16 Vern Buchanan
27%
Florida 5 Al Lawson
26%
Missouri 2 Ann Wagner
26%
New York 19 Antonio Delgado
26%
Pennsylvania 2 Brendan Boyle
26%
Pennsylvania 6 Chrissy Houlahan
26%
Washington 4 Dan Newhouse
26%
Florida 9 Darren Soto
26%
Maryland 6 David Trone
26%
Indiana 1 Frank J. Mrvan
26%
Oklahoma 3 Frank Lucas
26%
Louisiana 6 Garret Graves
26%
Kansas 2 Jake LaTurner
26%
Indiana 3 Jim Banks
26%
California 16 Jim Costa
26%
Kentucky 3 John Yarmuth
26%
California 26 Julia Brownley
26%
Florida 3 Kat Cammack
26%
North Carolina 6 Kathy Manning
26%
Ohio 10 Mike Turner
26%
California 31 Pete Aguilar
26%
Texas 17 Pete Sessions
26%
Georgia 12 Rick W. Allen
26%
Connecticut 3 Rosa DeLauro
26%
Nevada 4 Steven Horsford
26%
New York 3 Thomas Suozzi
26%
Wisconsin 7 Tom Tiffany
26%
New York 9 Yvette Clarke
26%
New York 13 Adriano Espaillat
25%
New York 2 Andrew Garbarino
25%
California 18 Anna Eshoo
25%
Illinois 11 Bill Foster
25%
Illinois 10 Brad Schneider
25%
California 30 Brad Sherman
25%
New York 26 Brian Higgins
25%
Arkansas 4 Bruce Westerman
25%
Louisiana 3 Clay Higgins
25%
Virginia 8 Don Beyer
25%
Maryland 7 Kweisi Mfume
25%
Texas 7 Lizzie Pannill Fletcher
25%
Texas 1 Louie Gohmert
25%
Illinois 12 Mike Bost
25%
Missouri 6 Sam Graves
25%
Illinois 6 Sean Casten
25%
Florida 20 Alcee Hastings
24%
Minnesota 4 Betty McCollum
24%
Illinois 18 Darin LaHood
24%
Colorado 1 Diana DeGette
24%
Connecticut 4 Jim Himes
24%
Connecticut 1 John B. Larson
24%
Florida 4 John Rutherford
24%
California 51 Juan Vargas
24%
California 42 Ken Calvert
24%
Michigan 10 Lisa McClain
24%
Illinois 3 Marie Newman
24%
Florida 25 Mario Díaz-Balart
24%
Pennsylvania 5 Mary Gay Scanlon
24%
Wisconsin 8 Mike Gallagher
24%
California 44 Nanette Barragán
24%
New York 7 Nydia Velázquez
24%
South Carolina 5 Ralph Norman
24%
Massachusetts 8 Stephen F. Lynch
24%
Ohio 1 Steve Chabot
24%
Arkansas 3 Steve Womack
24%
California 4 Tom McClintock
24%
California 7 Ami Bera
23%
Georgia 11 Barry Loudermilk
23%
Wisconsin 1 Bryan Steil
23%
Oregon 3 Earl Blumenauer
23%
Massachusetts 4 Jake Auchincloss
23%
Kentucky 1 James Comer
23%
California 2 Jared Huffman
23%
Utah 3 John Curtis
23%
California 3 John Garamendi
23%
Texas 35 Lloyd Doggett
23%
California 41 Mark Takano
23%
New York 20 Paul Tonko
23%
Minnesota 8 Pete Stauber
23%
Kansas 4 Ron Estes
23%
Massachusetts 6 Seth Moulton
23%
Oregon 1 Suzanne Bonamici
23%
Texas 22 Troy Nehls
23%
Ohio 8 Warren Davidson
23%
Texas 24 Beth Van Duyne
22%
Massachusetts 9 Bill Keating
22%
New Jersey 9 Bill Pascrell
22%
Missouri 7 Billy Long
22%
Illinois 1 Bobby Rush
22%
Utah 2 Chris Stewart
22%
New Jersey 10 Donald Payne Jr.
22%
New Jersey 6 Frank Pallone
22%
California 14 Jackie Speier
22%
Indiana 2 Jackie Walorski
22%
Florida 14 Kathy Castor
22%
Oregon 5 Kurt Schrader
22%
Florida 21 Lois Frankel
22%
California 46 Lou Correa
22%
California 11 Mark DeSaulnier
22%
Texas 10 Michael McCaul
22%
Virginia 9 Morgan Griffith
22%
North Carolina 10 Patrick McHenry
22%
North Carolina 8 Richard Hudson
22%
Arkansas 1 Rick Crawford
22%
Texas 6 Ron Wright
22%
Washington 1 Suzan DelBene
22%
California 19 Zoe Lofgren
22%
Michigan 2 Bill Huizenga
21%
Missouri 3 Blaine Luetkemeyer
21%
Kentucky 2 Brett Guthrie
21%
Louisiana 2 Cedric Richmond
21%
Oregon 2 Cliff Bentz
21%
Ohio 14 David Joyce
21%
West Virginia 1 David McKinley
21%
North Carolina 4 David Price
21%
Washington 6 Derek Kilmer
21%
Virginia 4 Donald McEachin
21%
New Jersey 1 Donald Norcross
21%
Colorado 5 Doug Lamborn
21%
Maryland 2 Dutch Ruppersberger
21%
Virginia 11 Gerry Connolly
21%
North Carolina 1 G. K. Butterfield
21%
Wisconsin 6 Glenn Grothman
21%
California 32 Grace Napolitano
21%
Florida 17 Greg Steube
21%
Pennsylvania 14 Guy Reschenthaler
21%
Michigan 1 Jack Bergman
21%
Illinois 9 Jan Schakowsky
21%
Minnesota 1 Jim Hagedorn
21%
California 20 Jimmy Panetta
21%
Georgia 10 Jody Hice
21%
Connecticut 2 Joe Courtney
21%
Pennsylvania 13 John Joyce
21%
New York 25 Joseph Morelle
21%
California 37 Karen Bass
21%
Pennsylvania 11 Lloyd Smucker
21%
Massachusetts 3 Lori Trahan
21%
Washington 10 Marilyn Strickland
21%
Florida 6 Michael Waltz
21%
Florida 2 Neal Dunn
21%
Washington 2 Rick Larsen
21%
Virginia 1 Rob Wittman
21%
Idaho 1 Russ Fulcher
21%
California 24 Salud Carbajal
21%
Tennessee 4 Scott DesJarlais
21%
Wisconsin 5 Scott Fitzgerald
21%
Florida 22 Ted Deutch
21%
Michigan 7 Tim Walberg
21%
Missouri 4 Vicky Hartzler
21%
California 47 Alan Lowenthal
20%
Virginia 6 Ben Cline
20%
Florida 8 Bill Posey
20%
Tennessee 1 Diana Harshbarger
20%
Colorado 7 Ed Perlmutter
20%
Indiana 4 Jim Baird
20%
Maryland 3 John Sarbanes
20%
Texas 12 Kay Granger
20%
Texas 27 Michael Cloud
20%
North Carolina 13 Ted Budd
20%
California 29 Tony Cárdenas
20%
Ohio 12 Troy Balderson
20%
New Jersey 8 Albio Sires
19%
Georgia 9 Andrew Clyde
19%
Ohio 2 Brad Wenstrup
19%
Georgia 3 Drew Ferguson
19%
Rhode Island 2 James Langevin
19%
Texas 33 Marc Veasey
19%
Texas 26 Michael C. Burgess
19%
Illinois 5 Mike Quigley
19%
Oregon 4 Peter DeFazio
19%
Indiana 9 Trey Hollingsworth
19%
Florida 12 Gus Bilirakis
18%
South Carolina 3 Jeff Duncan
18%
Nebraska 1 Jeff Fortenberry
18%
Texas 19 Jodey Arrington
18%
Pennsylvania 18 Mike Doyle
18%
Texas 4 Pat Fallon
18%
Mississippi 4 Steven Palazzo
18%
Pennsylvania 9 Dan Meuser
17%
California 40 Lucille Roybal-Allard
17%
Mississippi 3 Michael Guest
17%
Texas 14 Randy Weber
17%
South Carolina 4 William Timmons
17%
Ohio 5 Bob Latta
16%
Texas 36 Brian Babin
16%
Florida 11 Daniel Webster
16%
Tennessee 8 David Kustoff
16%
Michigan 4 John Moolenaar
16%
Texas 5 Lance Gooden
16%
Tennessee 3 Chuck Fleischmann
15%
North Carolina 7 David Rouzer
15%
California 9 Jerry McNerney
15%
Texas 11 August Pfluger
14%
Indiana 8 Larry Bucshon
14%
Ohio 15 Steve Stivers
14%
Tennessee 2 Tim Burchett
14%
Ohio 7 Bob Gibbs
13%
Pennsylvania 12 Fred Keller
13%
Texas 8 Kevin Brady
13%
No matching quizzes found
Score Distribution
Percent of People with Each Score
Percentile by Number Answered
Your Score History
You have not taken this quiz